00806cam a2200205 a 450000100100000000500170001000800410002704000250006808200250009310000250011824501630014325000110030626000730031730000280039050400330041850000220045160000500047365100330052365000440055600000762720200929154234.0800313s1971 sp a b s001 0bspa  aDO-SdBNPbspacBNPHU a923.946bP792m, 19711 aMurga Sanz, Vicente.10aJuan Ponce de León, fundador y primer gobernador del pueblo puertorriqueño, descubridor de la Florida y del Estrecho de las Bahamas /cVicente Murga Sanz. a2a ed. a[Río Piedras] :bUniversitaria, Universidad de Puerto Rico,c1971. a385 p. :bil. ;c22 cm. aBibliografía p. [357]-360. aIncluye índice.10aPONCE DE LEÓN, JUAN 1460?-1521.d1460?-1521 4aPuerto RicoxHistoriay1898. 4aExploradoreszEspañolesxBiografía.